000 00283nam a2200109Ia 4500
008 200302s9999 xx 000 0 und d
100 _aNan Ellin
245 _aGood urbanism six steps to creating prosperous places
260 _bIsland Press Publishing
260 _c2013
300 _a164
999 _c5914
_d5914